Information Architecture : Blueprints for the Web

Guardado en:
Detalles Bibliográficos
Autor principal: Wodtke, Christina (Autor)
Formato: Libro
Lenguaje:inglés
Publicado: Indianapolis : New Riders Publ, 2003
Etiquetas: Agregar Etiqueta
Sin Etiquetas, Sea el primero en etiquetar este registro!

MARC

LEADER 00000nam a22000003a 4500
001 stu262667
005 20150617230215.9
008 130214s--------xxu-----------------eng-d
020 |a 0-7357-1250-6 
040 |a STU  |b slo 
041 0 |a eng 
044 |a xxu 
100 1 |a Wodtke, Christina  |4 aut 
245 1 |a Information Architecture :  |b Blueprints for the Web 
260 |a Indianapolis :  |b New Riders Publ,  |c 2003 
300 |a 348 s 
996 |b 284IK06722  |c I*11WD5535  |l II680  |s A  |a 24  |w stu262667_0001